Testimonianze di età romana: guida alla lettura delle epigrafi della Valle di Susa
Đã lưu trong:
| Tác giả chính: | |
|---|---|
| Định dạng: | Sách |
| Ngôn ngữ: | Tiếng Italy |
| Được phát hành: |
s.l
Segusium
2008
|
| Phiên bản: | 1a. ed |
| Những chủ đề: | |
| Các nhãn: |
Thêm thẻ
Không có thẻ, Là người đầu tiên thẻ bản ghi này!
|
MARC
| LEADER | 00000cam a2200000 a 4500 | ||
|---|---|---|---|
| 001 | UCD8596 | ||
| 003 | CL-VaPUC | ||
| 008 | 170519e20080000ru |||||||||||||||||ita|d | ||
| 082 | 0 | 4 | |a 411.7 |b CIM |2 21 |
| 100 | 0 | |a Cimarosti, Elena |e author |9 592094 | |
| 245 | 1 | 0 | |a Testimonianze di età romana: guida alla lettura delle epigrafi della Valle di Susa |
| 250 | |a 1a. ed | ||
| 300 | |a 245 p | ||
| 942 | |c BK | ||
| 945 | |d 20170519 15:42:00 |a dcastane | ||
| 260 | |a s.l |b Segusium |c 2008 | ||
| 650 | 7 | |a HISTORIA DE ROMA ANTIGUA |2 CL-VaPUC |9 541459 | |
| 650 | 0 | |a Historia antigua |9 267521 | |
| 650 | 0 | |a Paleografía |9 264942 | |
| 583 | |a last modification |c 20170519 15:42:00 |k Rodrigo Vera | ||
| 999 | |c 367955 |d 367953 | ||
| 952 | |0 0 |1 0 |3 erb |4 0 |6 411_700000000000000_CIM_2008 |7 0 |8 A |9 483187 |a FDOLAF |b FDOLAF |e Laffi, Umberto, 1939- |i 5391601 |o 411.7 CIM 2008 |p 5391601 |r 2024-01-30 |w 2019-11-24 |y BK |z Catalogado en:20170519 |k LAF | ||